Statistics for Animal anagrams

Click here to take the quiz!

General Stats

  • This quiz has been taken 200 times
  • The average score is 12 of 15

Answer Stats

AnagramAnswer% Correct
NiloLion
97%
GhedgoheHedgehog
92%
HinroRhino
89%
UqsidSquid
89%
TbaribRabbit
85%
RotksStork
85%
YenahHyena
85%
RagifefGiraffe
83%
PidresSpider
82%
LpehentaElephant
82%
KmeynoMonkey
80%
LmigofanFlamingo
73%
CkapeocPeacock
73%
Owns paledorSnow leopard
68%
Yea aeyAye aye
58%

Score Distribution

Percentile by Number Answered

Percent of People with Each Score

Your Score History

You have not taken this quiz